| 000 | 00970nam a2200277 u 4500 | ||
|---|---|---|---|
| 001 | 000046597 | ||
| 005 | 20260209105410.0 | ||
| 008 | 170124s2010 sp r 001 0 spa d | ||
| 020 | _a9788430607785 | ||
| 082 |
_a364.151 _bG618p |
||
| 100 | 1 |
_aGoldhagen, Daniel Jonah _d1959- _974572 |
|
| 240 | 1 | 0 |
_aWorse than war _lEspañol |
| 245 | 1 | 0 |
_aPeor que la guerra : _bgenocidio, eliminacionismo y la continua agresión contra la humanidad / _cDaniel Jonah Goldhagen ; traducción de Alejandro Pradera. |
| 260 |
_aMadrid : _bTaurus, _c2010. |
||
| 300 |
_a707 p. : _bil., mapas ; _c24 cm. |
||
| 500 | _aIncluye índice | ||
| 500 | _aIncluye bibliografía y notas al pie de las páginas | ||
| 560 | 4 | _aRACISMO | |
| 650 | 4 |
_aGenocidio _xAspectos psicológicos _974573 |
|
| 650 | 4 |
_aGenocidio _xPrevención _974574 |
|
| 650 | 0 |
_aPrejuicios _923101 |
|
| 650 | 4 |
_aOdio _919052 |
|
| 650 | 4 |
_aIdentidad _912692 |
|
| 700 | 1 | 2 |
_aPradera, Alejandro _etr. _974575 |
| 999 |
_c46086 _d46086 |
||
| 040 | _aDO-SdBNP | ||